[Event "SVK Amateur-ch 2020"]
[Site "Topolcany"]
[Date "2020.07.13"]
[Round "5.1"]
[White "Trasakova Adela"]
[Black "Garban, Mario"]
[Result "0-1"]
[WhiteElo "1660"]
[BlackElo "2033"]
[Annotator "ChessBase"]
[PlyCount "117"]
[EventDate "2020.07.10"]
[EventType "swiss"]
[EventCountry "SVK"]
[TimeControl "3600+30"]

1. d4 {[%emt 0:00:00]} d6 {[%emt 0:00:00]} 2. Bf4 {[%emt 0:00:09]} Nf6 {[%emt 0:02:51]} 3. Nf3 {[%emt 0:00:20]} Bg4 {[%emt 0:00:45]} 4. Nbd2 {[%emt 0:03:45]} Nbd7 {[%emt 0:02:32]} 5. c3 {[%emt 0:01:40]} c6 {[%emt 0:03:08]} 6. Qc2 {[%emt 0:01:27]} d5 {[%emt 0:04:54]} 7. e3 {[%emt 0:02:37]} Bh5 {[%emt 0:05:01]} 8. Bd3 {[%emt 0:02:38]} e6 {[%emt 0:04:14]} 9. O-O {[%emt 0:01:51]} Be7 {[%emt 0:01:29]} 10. Ne5 {[%emt 0:01:20]} O-O {[%emt 0:05:22]} 11. e4 {[%emt 0:02:08]} Nxe5 {[%emt 0:02:54]} 12. dxe5 {[%emt 0:04:29]} Nxe4 {[%emt 0:00:16]} 13. Nxe4 {[%emt 0:00:24]} dxe4 {[%emt 0:00:11]} 14. Bxe4 {[%emt 0:00:06]} Bg6 {[%emt 0:05:21]} 15. Be3 {[%emt 0:03:19]} Bxe4 {[%emt 0:03:27]} 16. Qxe4 {[%emt 0:00:10]} Qd5 {[%emt 0:00:11]} 17. Qxd5 {[%emt 0:01:42]} cxd5 {[%emt 0:00:17]} 18. f4 {[%emt 0:02:29]} b6 {[%emt 0:06:05]} 19. Rac1 {[%emt 0:04:09]} Bc5 {[%emt 0:00:49]} 20. Bxc5 {[%emt 0:02:03]} bxc5 {[%emt 0:00:08]} 21. c4 {[%emt 0:00:42]} d4 {[%emt 0:02:14]} 22. f5 {[%emt 0:04:05]} exf5 {[%emt 0:00:35]} 23. Rxf5 {[%emt 0:00:08]} g6 {[%emt 0:00:39]} 24. Rf6 {[%emt 0:01:53]} Rfe8 {[%emt 0:00:31]} 25. Re1 {[%emt 0:01:21]} Re6 {[%emt 0:00:21]} 26. Rxe6 {[%emt 0:02:48]} fxe6 {[%emt 0:00:09]} 27. a3 {[%emt 0:03:07]} Rb8 {[%emt 0:01:01]} 28. Re2 {[%emt 0:01:19]} Rb3 {[%emt 0:05:20]} 29. g4 {[%emt 0:06:35]} a5 {[%emt 0:02:23]} 30. Kg2 {[%emt 0:01:38]} g5 {[%emt 0:02:48]} 31. Kf2 {[%emt 0:03:56]} Kf7 {[%emt 0:01:47]} 32. Kg1 {[%emt 0:02:39]} Kg7 {[%emt 0:00:57]} 33. Kf1 {[%emt 0:01:28]} h5 {[%emt 0:01:27]} 34. gxh5 {[%emt 0:02:15]} Rh3 {[%emt 0:03:34]} 35. Kg2 {[%emt 0:01:45]} Rxh5 {[%emt 0:00:07]} 36. Kg3 {[%emt 0:00:32]} Rh4 {[%emt 0:01:14]} 37. b4 {[%emt 0:01:56]} axb4 {[%emt 0:00:28]} 38. axb4 {[%emt 0:00:05]} cxb4 {[%emt 0:00:51]} 39. c5 {[%emt 0:00:52]} d3 {[%emt 0:00:45]} 40. Rd2 {[%emt 0:01:11]} Rc4 {[%emt 0:00:13]} 41. Kf2 {[%emt 0:01:32]} Rc2 {[%emt 0:01:20]} 42. Ke3 {[%emt 0:00:34]} Rxc5 {[%emt 0:00:30]} 43. Rxd3 {[%emt 0:00:39]} Rc3 {[%emt 0:01:13]} 44. Rxc3 {[%emt 0:00:21]} bxc3 {[%emt 0:00:04]} 45. Kd3 {[%emt 0:00:04]} Kg6 {[%emt 0:00:10]} 46. Kxc3 {[%emt 0:00:06]} Kf5 {[%emt 0:00:07]} 47. Kd4 {[%emt 0:00:27]} g4 {[%emt 0:00:33]} 48. Ke3 {[%emt 0:01:04]} Kxe5 {[%emt 0:00:15]} 49. Kf2 {[%emt 0:00:13]} Kf4 {[%emt 0:00:19]} 50. Ke2 {[%emt 0:00:09]} e5 {[%emt 0:01:33]} 51. Kf2 {[%emt 0:01:11]} e4 {[%emt 0:00:18]} 52. Ke2 {[%emt 0:00:08]} e3 {[%emt 0:00:09]} 53. Ke1 {[%emt 0:00:08]} Kf3 {[%emt 0:00:16]} 54. Kf1 {[%emt 0:00:19]} e2+ {[%emt 0:00:11]} 55. Ke1 {[%emt 0:00:05]} Ke3 {[%emt 0:01:01]} 56. h4 {[%emt 0:00:48]} g3 {[%emt 0:00:12]} 57. h5 {[%emt 0:00:08]} g2 {[%emt 0:00:07]} 58. h6 {[%emt 0:00:04]} g1=N {[%emt 0:00:21]} 59. h7 {[%emt 0:00:30]} 0-1

[Event "SVK Amateur-ch 2020"]
[Site "Topolcany"]
[Date "2020.07.12"]
[Round "5.2"]
[White "Hros, Roman"]
[Black "Deruelle Sala, Albert"]
[Result "1-0"]
[WhiteElo "2187"]
[BlackElo "2078"]
[Annotator "TA"]
[PlyCount "87"]
[EventDate "2020.07.10"]
[EventType "swiss"]
[EventCountry "SVK"]
[SourceTitle "playchess.com"]
[Source "ChessBase"]
[SourceQuality "1"]

{[%evp 9,87,25,15,28,33,31,87,78,107,70,86,22,56,13,16,32,29,22,37,7,19,-8,112,112,139,67,68,2,58,12,78,71,72,84,107,85,92,97,111,117,326,339,327,327,319,323,306,247,261,235,249,249,296,296,454,444,428,413,1502,1502,1396,1387,1197,1885,1829,1814,1646,1504,1577,1483,29987,29988,29988,29989,29996,29997,29997,29996,29997,29998]} 1. e4 c5 2. Nf3 e6 3. Nc3 a6 4. d4 cxd4 5. Nxd4 Bb4 6. Qd3 {[#] B43: Sicilian: Kan Variation: 5 Nc3.} d6 $146 ({Predecessor:} 6... Qc7 7. Bd2 Nf6 8. Be2 b6 9. O-O Bxc3 10. Bxc3 Bb7 11. Bf3 d6 12. Rad1 d5 13. exd5 Nxd5 14. Bxd5 Bxd5 {1-0 (25) Novosadova,K (2231)-Azhar,P (1869) Batumi 2018}) 7. a3 Ba5 (7... Bxc3+ $14 8. Qxc3 e5) 8. Nb3 $16 {White is better.} Bc7 9. Be2 Nf6 10. O-O (10. Qg3 $16) 10... Nbd7 11. f4 O-O 12. g4 b5 13. g5 Ne8 14. Qh3 Nb6 15. Nd4 d5 (15... e5 $11 16. Nf5 d5) 16. e5 g6 17. Qh6 (17. Nd1 $16) 17... Nc4 $1 $14 {[#] Threatens to win with ...Bb6.} 18. Rf3 (18. Bf3 $14) 18... f5 ({Black should play} 18... f6 $1 $11) 19. Bd1 $40 {[%mdl 128] White mounts an attack.} Bb6 (19... Nxe5 $11 {remains equal.} 20. fxe5 Bxe5) 20. Nce2 $16 Qc7 21. c3 Ng7 22. Qh4 Nh5 23. Rh3 Rf7 24. Kh1 Nxe5 $2 {This costs Black the game.} (24... Bd7 $16 {was necessary.}) 25. fxe5 $18 Qxe5 {[#]} 26. Nf4 $1 {[%cal Rf4h5]} Nxf4 27. Bxf4 Qg7 {Black wants to play ...e5.} 28. Re3 Bxd4 29. cxd4 Qxd4 30. Qf2 Bd7 31. Rc1 Re8 (31... Rc8 {was worth a try.} 32. Be5 Qb6 33. Rxc8+ Bxc8) 32. Be5 Qb6 33. Qf4 Rc8 (33... Qd8 $142 34. Bd4 h6 35. gxh6 Kh7) 34. Rxc8+ Bxc8 35. Rc3 Qb7 36. Bd4 {Threatening mate with Qe5.} Kf8 37. Qe5 Ke8 38. Bf3 Kd7 39. b4 Kd8 40. Qh8+ {White mates.} Kd7 41. Bf6 {[%csl Gf6][%cal Rh8d8]} e5 42. Qd8+ Ke6 43. Rxc8 e4 44. Qe8+ {Accuracy: White = 70%, Black = 52%.} 1-0

[Event "SVK Amateur-ch 2020"]
[Site "Topolcany"]
[Date "2020.07.13"]
[Round "5.2"]
[White "Juan Lepp, Jaime Boris"]
[Black "Pokrupa, Marek"]
[Result "0-1"]
[WhiteElo "1853"]
[BlackElo "2187"]
[Annotator "ChessBase"]
[PlyCount "98"]
[EventDate "2020.07.10"]
[EventType "swiss"]
[EventCountry "SVK"]
[TimeControl "3600+30"]

1. e4 {[%emt 0:00:00]} e6 {[%emt 0:00:00]} 2. Nf3 {[%emt 0:00:00]} d5 {[%emt 0:00:00]} 3. Nc3 {[%emt 0:00:00]} dxe4 {[%emt 0:00:34]} 4. Nxe4 {[%emt 0:00:02]} Nd7 {[%emt 0:00:02]} 5. d4 {[%emt 0:00:29]} Ngf6 {[%emt 0:00:03]} 6. Nxf6+ {[%emt 0:00:39]} Nxf6 {[%emt 0:00:05]} 7. Bd3 {[%emt 0:00:52]} b6 {[%emt 0:00:53]} 8. O-O {[%emt 0:00:44]} Bb7 {[%emt 0:00:07]} 9. c3 {[%emt 0:04:33]} Be7 {[%emt 0:02:34]} 10. Qa4+ {[%emt 0:05:49]} c6 {[%emt 0:06:12]} 11. Ne5 {[%emt 0:01:17]} Qc8 {[%emt 0:03:41]} 12. f4 {[%emt 0:03:32]} O-O {[%emt 0:04:43]} 13. f5 {[%emt 0:00:57]} c5 {[%emt 0:00:59]} 14. fxe6 {[%emt 0:01:56]} Qxe6 {[%emt 0:00:12]} 15. Bc4 {[%emt 0:08:02]} Bd5 {[%emt 0:03:16]} 16. Bg5 {[%emt 0:02:57]} Bxc4 {[%emt 0:04:58]} 17. Nxc4 {[%emt 0:03:30]} cxd4 {[%emt 0:06:23]} 18. cxd4 {[%emt 0:06:20]} Qg4 {[%emt 0:12:29]} 19. Bf4 {[%emt 0:03:42]} Nd5 {[%emt 0:03:08]} 20. Ne5 {[%emt 0:01:31]} Qe2 {[%emt 0:01:28]} 21. Rf2 {[%emt 0:03:22]} Qe4 {[%emt 0:00:36]} 22. Bg3 {[%emt 0:00:34]} Bg5 {[%emt 0:01:17]} 23. Qc2 {[%emt 0:03:07]} Qxc2 {[%emt 0:01:39]} 24. Rxc2 {[%emt 0:00:02]} Rac8 {[%emt 0:00:22]} 25. Re2 {[%emt 0:01:44]} Rfe8 {[%emt 0:01:20]} 26. Rae1 {[%emt 0:01:57]} f6 {[%emt 0:01:46]} 27. Nf3 {[%emt 0:00:31]} Rxe2 {[%emt 0:00:33]} 28. Rxe2 {[%emt 0:00:01]} Be3+ {[%emt 0:00:19]} 29. Bf2 {[%emt 0:00:50]} Rc1+ {[%emt 0:00:27]} 30. Re1 {[%emt 0:00:52]} Kf7 {[%emt 0:01:23]} 31. Bxe3 {[%emt 0:00:49]} Rxe1+ {[%emt 0:00:05]} 32. Nxe1 {[%emt 0:00:09]} Nxe3 {[%emt 0:00:02]} 33. Nd3 {[%emt 0:00:46]} Nf5 {[%emt 0:05:46]} 34. d5 {[%emt 0:03:14]} Ne3 {[%emt 0:00:06]} 35. d6 {[%emt 0:00:35]} g5 {[%emt 0:01:47]} 36. Nb4 {[%emt 0:02:11]} Ke6 {[%emt 0:01:47]} 37. Nd3 {[%emt 0:05:05]} Kxd6 {[%emt 0:01:10]} 38. h3 {[%emt 0:01:23]} h5 {[%emt 0:00:22]} 39. Kf2 {[%emt 0:00:25]} Nc4 {[%emt 0:00:20]} 40. b3 {[%emt 0:01:09]} Ne5 {[%emt 0:00:08]} 41. Nc1 {[%emt 0:00:26]} h4 {[%emt 0:00:36]} 42. Ke3 {[%emt 0:00:38]} Kd5 {[%emt 0:01:00]} 43. Ne2 {[%emt 0:00:57]} f5 {[%emt 0:01:02]} 44. a3 {[%emt 0:00:20]} Nc6 {[%emt 0:02:41]} 45. Nc3+ {[%emt 0:01:24]} Ke5 {[%emt 0:00:02]} 46. b4 {[%emt 0:00:58]} Nd4 {[%emt 0:00:59]} 47. a4 {[%emt 0:02:12]} Nc2+ {[%emt 0:00:14]} 48. Kf3 {[%emt 0:00:16]} Nxb4 {[%emt 0:00:05]} 49. Nb5 {[%emt 0:00:22]} Nc6 {[%emt 0:00:03]} 0-1

[Event "SVK Amateur-ch 2020"]
[Site "Topolcany"]
[Date "2020.07.12"]
[Round "5.3"]
[White "Iolis, Oleg"]
[Black "Kleman, Miroslav"]
[Result "1-0"]
[WhiteElo "2166"]
[BlackElo "2198"]
[Annotator "TA"]
[PlyCount "125"]
[EventDate "2020.07.10"]
[EventType "swiss"]
[EventCountry "SVK"]
[SourceTitle "playchess.com"]
[Source "ChessBase"]
[SourceQuality "1"]

{[%evp 9,125,61,68,67,81,68,73,74,82,32,28,17,25,11,54,62,58,62,63,56,79,77,89,82,105,90,157,114,164,162,194,183,175,158,160,163,177,142,150,126,208,193,200,205,195,208,194,164,171,191,195,195,195,195,195,205,233,216,205,204,212,195,195,143,206,163,235,231,483,369,694,649,500,260,210,0,580,568,5427,6636,6636,5739,5739,1893,866,0,283,181,181,181,181,181,181,181,560,497,854,720,1520,653,1159,1022,12832,2560,12836,12836,12835,12835,12839,12839,12842,12842,12845,12846,12847,12847,12847,12847]} 1. e4 e5 2. Nf3 Nc6 3. d4 d6 4. d5 Nb8 5. c4 a5 6. Nc3 {[#] C41: Philidor Defence.} Na6 $146 ({Predecessor:} 6... Nd7 7. Be3 g6 8. Qa4 Bh6 9. Bxh6 Nxh6 10. c5 dxc5 11. Nxe5 O-O 12. Nxd7 Bxd7 {½-½ (48) Ledakov,A (2059)-Yurkov,A (2210) Lubin 2009}) 7. Be3 Nf6 8. h3 {White is better.} Be7 9. g4 h6 10. Qd2 Nh7 11. Be2 Ng5 12. h4 $36 {[%mdl 2048] White has good play.} Nxf3+ 13. Bxf3 Bd7 14. g5 hxg5 15. hxg5 Rxh1+ 16. Bxh1 Bg4 17. f3 Bh5 (17... Bh3 $142) 18. O-O-O g6 {[#]} 19. Bg2 $1 f6 {[#]} 20. gxf6 $1 Bxf6 21. Rg1 Qd7 22. Rh1 Qe7 23. Ne2 b6 24. Ng3 Kf7 (24... O-O-O $16 {was worth a try.}) 25. Nxh5 $18 gxh5 26. Rxh5 {aiming for Rh7+.} Rh8 27. Rxh8 Bxh8 28. Qf2 Nc5 {And now ...Nd3+ would win.} 29. Kc2 Qf6 30. Qg3 Qg6 31. Qh2 Bf6 32. Bh3 Bg5 33. Bf5 Qg7 34. Qh5+ {[%mdl 64] Double Attack} Kf6 35. Bf2 Ke7 36. b3 (36. Bh3 $18) 36... Bf6 (36... Qh6 $16 {is a better defense.} 37. Qxh6 Bxh6 38. Bh4+ Ke8) 37. Bg4 {Threatens to win with Qf5.} Bg5 (37... Qh8 $142 38. Qxh8 Bxh8) 38. a3 {[%cal Ba2a3,Ba3b4][%mdl 32]} Kf8 $2 (38... a4 {was called for.} 39. bxa4 Nxa4) 39. b4 axb4 $2 (39... Nb7 40. Bh4 Bxh4) 40. axb4 Nb7 41. Bd7 Qxd7 42. Qxg5 $2 (42. Qh8+ $18 Ke7 43. Qg7+ Kd8 44. Qxg5+ Kc8 45. Qf5) 42... Nd8 $2 {[%mdl 8192]} (42... Qa4+ $11 {and Black is okay.} 43. Kd3 Qb3+ 44. Ke2 Qxc4+ 45. Ke1 Qc3+ {[%mdl 64] Double Attack} 46. Ke2 Qc4+ 47. Ke1 Qxb4+ 48. Kf1 Qb5+ 49. Kg1 Qd7) 43. Qh6+ Qg7 44. Qxg7+ Kxg7 {[%mdl 4096] Endgame KB-KN} 45. Kb3 Kf8 46. Ka4 Ke8 47. Kb3 $2 ({White should try} 47. Kb5 $18) 47... Kd7 $2 {[%mdl 8192]} (47... Kf8 $1 $11) 48. Kc3 Nf7 49. Be3 Nh8 50. Kd3 Nf7 51. Ke2 Ke7 $2 (51... c5 {is more resistant.} 52. dxc6+ Kxc6) 52. Kf2 {White is clearly winning.} Kf6 (52... Nh8 $142 53. Kg3 Ke8) 53. Kg3 Kg6 54. Kg4 (54. c5 $142 bxc5 55. bxc5 dxc5 56. Bxc5) 54... Nh8 55. c5 bxc5 56. bxc5 dxc5 57. Bxc5 Nf7 58. Bb4 Kf6 59. Ba5 c5 60. dxc6 Ke6 61. Bb4 Nh8 62. Kg5 Nf7+ 63. Kg6 {Accuracy: White = 80%, Black = 46%.} 1-0

[Event "SVK Amateur-ch 2020"]
[Site "Topolcany"]
[Date "2020.07.13"]
[Round "5.3"]
[White "Miciak, Emanuel"]
[Black "Bielik, Miroslav"]
[Result "0-1"]
[WhiteElo "1839"]
[BlackElo "2133"]
[Annotator "ChessBase"]
[PlyCount "48"]
[EventDate "2020.07.10"]
[EventType "swiss"]
[EventCountry "SVK"]
[TimeControl "3600+30"]

1. d4 {[%emt 0:00:00]} d5 {[%emt 0:00:00]} 2. Nf3 {[%emt 0:00:00]} Nf6 {[%emt 0:00:00]} 3. Bf4 {[%emt 0:00:00]} c5 {[%emt 0:00:00]} 4. e3 {[%emt 0:00:00]} Qb6 {[%emt 0:00:17]} 5. b3 {[%emt 0:00:18]} Nc6 {[%emt 0:01:08]} 6. dxc5 {[%emt 0:02:23]} Qxc5 {[%emt 0:00:07]} 7. Bd3 {[%emt 0:01:04]} Bg4 {[%emt 0:00:10]} 8. h3 {[%emt 0:00:47]} Bxf3 {[%emt 0:01:08]} 9. Qxf3 {[%emt 0:00:38]} e5 {[%emt 0:00:20]} 10. O-O {[%emt 0:05:42]} e4 {[%emt 0:03:12]} 11. Qe2 {[%emt 0:00:54]} exd3 {[%emt 0:00:06]} 12. cxd3 {[%emt 0:00:03]} Be7 {[%emt 0:00:26]} 13. d4 {[%emt 0:01:28]} Qa5 {[%emt 0:06:46]} 14. Nd2 {[%emt 0:00:47]} O-O {[%emt 0:00:51]} 15. Nf3 {[%emt 0:01:01]} Rac8 {[%emt 0:00:07]} 16. Ne5 {[%emt 0:00:38]} Rfd8 {[%emt 0:03:14]} 17. g4 {[%emt 0:01:03]} Nxe5 {[%emt 0:00:39]} 18. dxe5 {[%emt 0:00:10]} Ne4 {[%emt 0:01:10]} 19. f3 {[%emt 0:00:31]} Nc5 {[%emt 0:02:34]} 20. Rfc1 {[%emt 0:01:03]} Ne6 {[%emt 0:02:53]} 21. Bg3 {[%emt 0:00:54]} Ba3 {[%emt 0:00:10]} 22. Rd1 {[%emt 0:01:10]} Qc3 {[%emt 0:00:38]} 23. Be1 {[%emt 0:00:58]} Qxe5 {[%emt 0:00:18]} 24. f4 {[%emt 0:00:23]} Nxf4 {[%emt 0:00:38]} 0-1

[Event "SVK Amateur-ch 2020"]
[Site "Topolcany"]
[Date "2020.07.12"]
[Round "5.4"]
[White "Terbe, Zsuzsanna"]
[Black "Oprea, Erik"]
[Result "0-1"]
[WhiteElo "2192"]
[BlackElo "2113"]
[Annotator "TA"]
[PlyCount "126"]
[EventDate "2020.07.10"]
[EventType "swiss"]
[EventCountry "SVK"]
[SourceTitle "playchess.com"]
[Source "ChessBase"]
[SourceQuality "1"]

{[%evp 16,125,42,33,36,41,39,0,0,0,0,0,-13,-14,0,0,0,0,0,0,0,-9,-12,-83,-89,-146,-97,-110,-16,-39,-18,-29,-16,-90,-85,-79,-34,-23,-30,-144,-139,-167,-140,-148,-162,-185,-167,-174,-183,-212,-209,-220,-215,-286,-285,-354,-331,-333,-301,-366,-370,-493,-340,-358,-379,-442,-434,-451,-450,-488,-481,-530,-518,-662,-672,-684,-606,-576,0,-676,-672,-614,-487,-509,-472,-493,-460,-460,-460,-460,-460,-453,-446,-446,-394,-366,-333,-538,-475,-430,-415,-383,-328,-783,-783,-679,-666,-29968,-871,-29997,-29998,-29999]} 1. d4 d6 2. e4 e5 3. Nf3 Nd7 4. Nc3 c6 5. a4 Ngf6 6. Bc4 h6 7. O-O Be7 8. Re1 O-O 9. a5 Re8 {C41: Philidor Defence.} 10. h3 Qc7 11. dxe5 (11. Be3 $14) 11... dxe5 $11 {The position is equal.} 12. Nh4 Nc5 13. Qf3 Be6 14. Bxe6 Nxe6 15. Ne2 {[#]} Nh7 $146 ({Predecessor:} 15... Ng5 16. Bxg5 hxg5 17. Nf5 g6 18. Nxe7+ Qxe7 19. Ng3 Nh7 20. Qc3 a6 21. Rad1 Rad8 {0-1 (54) Aldama Degurnay,D (2141)-Espinosa,J (2275) Havana 1992}) 16. Nf5 Bb4 17. c3 Bxa5 18. Qg4 Kh8 $36 {[%mdl 2048] Black has good play.} 19. Neg3 (19. b4 $1 $11 Bb6 20. c4) 19... Bb6 $17 20. Nh5 (20. Nh4 $142) 20... Rg8 21. Qh4 Qd8 (21... Rad8 $17) 22. Qg3 $1 $11 Bc7 23. Be3 Qe8 24. Red1 (24. Qh4 $11) 24... g6 $17 25. Nxh6 {[#] aiming for Qf3.} gxh5 26. Nxg8 Qxg8 27. Qf3 {Black keeps a firm grip on the game.} (27. Qxg8+ $11 {remains equal.} Kxg8 28. Rxa7 Rxa7 29. Bxa7) 27... Qg6 28. Qf5 a6 29. Rd7 {[#]} Kg7 $1 30. Rad1 Re8 31. f3 Nf6 32. R7d2 Qxf5 33. exf5 Nf4 34. c4 {intending g3.} h4 35. Bf2 e4 36. fxe4 Rxe4 37. b3 Ne2+ 38. Kf1 Ng3+ 39. Bxg3 Bxg3 ({Weaker is} 39... hxg3 40. Rd3 $19) 40. Rd4 Re5 41. R4d3 Rxf5+ 42. Rf3 Re5 43. Rfd3 Ne4 44. Rc1 Rf5+ 45. Kg1 Bf2+ 46. Kh2 Bg3+ 47. Kg1 Nc5 48. Rdc3 Re5 49. b4 Ne4 50. Rd3 a5 51. bxa5 Rxa5 52. Rd7 Nc5 53. Re7 Kf8 54. Re2 Ne6 55. Rb2 b5 56. Kf1 $2 (56. cxb5 cxb5 57. Rd1) 56... bxc4 57. Rxc4 Ra1+ 58. Ke2 Re1+ 59. Kf3 $2 (59. Kd3) 59... c5 $19 60. Kg4 Kg7 {...Kg6 is the strong threat.} 61. Rd2 Rf1 (61... Kg6 $142 62. Rd5 Rf1 63. Re4 f6 64. Rh5 Ng7 65. Rxh4 Bc7 66. Re6 Nxe6 67. Rh8 c4 68. Rg8+ Ng7 69. Rc8 Ne6 70. Rg8+ Kf7 71. Ra8 c3 72. Ra6 c2 73. Rc6 Rf4+ 74. Kg3 Rc4+ 75. Rxc7+ Nxc7 76. Kf3 c1=Q 77. h4 Nd5 78. g4 Qf1+ 79. Kg3 Rc3+ 80. Kh2 Rh3#) 62. Rdc2 Kg6 {[%csl Gf1,Gg6][%cal Rf7f5]} 63. Rxc5 Rf4# {Accuracy: White = 50%, Black = 76%.} 0-1

[Event "SVK Amateur-ch 2020"]
[Site "Topolcany"]
[Date "2020.07.13"]
[Round "5.4"]
[White "Lecky, Juraj"]
[Black "Pasztor, Ladislav"]
[Result "1-0"]
[WhiteElo "2083"]
[BlackElo "1802"]
[Annotator "TA"]
[PlyCount "95"]
[EventDate "2020.07.10"]
[EventType "swiss"]
[EventCountry "SVK"]

{[%evp 16,95,1,-17,0,-7,28,0,0,-17,-18,-31,-48,-57,-12,-9,41,31,31,31,40,25,63,0,39,4,4,13,12,16,24,18,38,38,38,38,38,2,2,0,0,0,0,0,0,0,2,2,2,2,2,2,16,16,16,16,16,16,16,16,214,214,222,222,196,170,513,498,489,277,486,481,605,613,575,361,596,576,565,566,565,555]} 1. e4 c5 2. Nf3 d6 3. d4 cxd4 4. Nxd4 Nf6 5. Nc3 a6 6. Bc4 e6 7. Bb3 Nbd7 {[%cal Bb8d7,Bd7c5,Bc5b3][%mdl 32]} 8. f4 Nc5 9. f5 Nxb3 {B86: Sicilian Scheveningen/Najdorf: 6 Bc4, without early ...b5.} 10. axb3 {[#]} Bd7 $146 ({Predecessor:} 10... Be7 11. O-O O-O 12. Kh1 Bd7 13. Qf3 e5 14. Nde2 Bc6 15. Bg5 b5 16. Bxf6 Bxf6 17. Rad1 Qc7 18. Ng3 b4 19. Nb1 Bg5 20. f6 Bxf6 21. Qg4 {½-½ (77) Kononenko,D (2706)-Vorobjov,P (2362) Tallinn 2019}) 11. fxe6 fxe6 {The position is equal.} 12. O-O Be7 13. Qf3 O-O 14. Qh3 Qb6 15. Be3 e5 16. Nf5 $1 $36 {[%mdl 2048] White fights for an advantage.} ({But not} 16. Ne6 Qc6 $17) 16... Bxf5 17. Rxf5 Qc6 18. Raf1 Rae8 19. R5f3 ({White should try} 19. Bg5 $14) 19... Qc8 20. Qxc8 Rxc8 21. Bg5 h6 22. Bxf6 Bxf6 23. R1f2 Kf7 24. Nd5 {[%cal Rd5f6]} Ke6 25. c3 Be7 26. Rxf8 (26. b4 {looks sharper.} Rxf3 27. gxf3 Bh4 28. Rf1 g6 29. Kg2) 26... Rxf8 27. Rxf8 Bxf8 $14 {[%mdl 4096] Endgame KB-KN} 28. Kf2 Be7 29. b4 Bg5 30. Ke2 h5 31. Kd3 Kd7 32. Kc4 Kc6 33. b3 h4 34. h3 g6 35. Kd3 b6 36. Ke2 Bd8 37. Kf3 a5 $2 {[#] Loses the game.} (37... Bg5 $11) 38. Ke3 axb4 39. Nxb4+ Kc5 40. Nd5 b5 $2 (40... Bg5+ {is tougher.} 41. Kd3 Kb5) 41. Kd3 $18 Bg5 42. b4+ Kc6 43. c4 Bd8 44. Kc3 Bg5 45. Kb3 Bd8 $2 {[#]} (45... Bd2 46. Ne7+ Kb6 47. Nxg6 Bg5) 46. cxb5+ {White is clearly winning.} Kxb5 47. Nc3+ Kc6 48. Kc4 {Accuracy: White = 84%, Black = 62%.} 1-0

[Event "SVK Amateur-ch 2020"]
[Site "Topolcany"]
[Date "2020.07.12"]
[Round "5.5"]
[White "Takacs, Laszlo"]
[Black "Kapusta, Petr"]
[Result "0-1"]
[WhiteElo "2187"]
[BlackElo "2115"]
[Annotator "TA"]
[PlyCount "86"]
[EventDate "2020.07.10"]
[EventType "swiss"]
[EventCountry "SVK"]
[SourceTitle "playchess.com"]
[Source "ChessBase"]
[SourceQuality "1"]

{[%evp 9,86,9,10,4,10,10,14,18,16,7,6,-14,-23,-27,-21,-24,-22,-6,-3,0,20,0,0,0,0,-70,-64,-63,-61,-55,0,-56,-43,-71,-80,-82,-82,-83,-55,-77,-70,-80,-77,-69,-58,-67,-65,-64,-47,-106,-102,-109,-113,-96,-112,-245,-243,-247,-231,-231,-238,-250,-240,-296,-122,-366,-129,-778,-740,-740,-468,-805,-799,-29991,-29992,-29992,-29993,-29997,-29998]} 1. e4 c5 2. Nf3 d6 3. d4 cxd4 4. Qxd4 Nf6 5. Bb5+ Bd7 6. c4 {B53: Sicilian: 2...d6: Lines with Qxd4.} Bxb5 7. cxb5 Nbd7 {[%cal Bb8d7,Bd7c5,Bc5e6,Be6d4][%mdl 32]} 8. Nc3 {The position is equal.} g6 9. Be3 Bg7 {[#]} 10. Rc1 $146 ({Predecessor:} 10. Rd1 O-O 11. Qb4 Qc7 12. O-O Rfc8 13. Bd4 Qc4 14. Qa5 b6 15. Qa3 a6 16. b3 axb5 17. Qxa8 Qxf1+ 18. Kxf1 Rxa8 {½-½ (29) Krajina,A (2245)-Babula,M Karvina 1986}) 10... O-O 11. Qd3 Ng4 12. Bg5 Nc5 13. Qe2 h6 14. Bd2 Ne5 {White must now prevent ...Ned3+.} 15. Nxe5 dxe5 16. Nd5 Ne6 17. O-O ({White should try} 17. Bb4 $11 Nf4 18. Nxf4 exf4 19. O-O) 17... Nd4 $36 {[%mdl 2048] Black is more active.} 18. Qd3 {next Bb4 is good for White.} e6 19. Nc3 {[#]} Qe7 (19... Nb3 $1 $15 {[%mdl 512]} 20. Qxd8 (20. axb3 Qxd3) 20... Raxd8 21. axb3 Rxd2) 20. Be3 (20. Ne2 $11) 20... Rac8 21. Ne2 {[%cal Re2d4]} Qb4 22. Bxd4 exd4 23. b3 e5 24. g3 Qa3 25. Rc2 Rxc2 26. Qxc2 Qd6 27. Qd3 f5 28. f3 h5 29. Qc4+ {Black keeps a firm grip on the game.} ({Better is} 29. Kg2 $15) 29... Kh7 $17 {Hoping for ...fxe4.} 30. Nc1 Qd7 31. Qe2 Bh6 32. a4 (32. b6 $17 {is a better defense.}) 32... Be3+ $19 33. Kg2 Rc8 34. Nd3 Qe6 35. Rb1 Rc3 36. Rb2 Kh6 (36... fxe4 $19 {has better winning chances.} 37. fxe4 h4) 37. h3 $2 (37. Rc2 $17 {is the only way for White.} f4 38. Rxc3 dxc3 39. Qc2) 37... g5 $2 (37... f4 $19 {is more deadly. And now ...Qf6 would win.} 38. Rb1 fxg3) 38. g4 $2 {[%mdl 8192]} (38. Rc2 $17 f4 39. Rxc3 dxc3 40. Qc2) 38... fxe4 39. fxe4 Qg6 40. Nxe5 (40. Kf3 $142 hxg4+ 41. hxg4 Qf7+ 42. Kg2) 40... Qxe4+ {[%mdl 64] [#] Double Attack} 41. Nf3 hxg4 {Black mates.} 42. hxg4 Qxg4+ 43. Kh1 Qh3+ {Accuracy: White = 54%, Black = 76%.} 0-1